[Event "British Chess Championships 2023: U8 Championship"]
[Site "The Venue, De Montfort University, 20 Western Boulevard, Leicester, LE2 7BU"]
[Date "2023.07.26"]
[Round "2"]
[Board "11"]
[White "Gomez, Magnus"]
[Black "Lath, Shlok"]
[Result "1-0"]
[WhiteElo "990"]
[BlackElo "842"]
[PlyCount "0"]
[EventDate "2023.07.25"]
[EventRounds "7"]
[EventCountry "ENG"]

1. d4 d5 2. Bf4 Nf6 3. Nc3 Bf5 4. Nb5 Na6 5. Nf3 c6 6. Na3 e6 7. c3 Be7 8. e3 Nc7
9. Nc2 O-O 10. Bd3 Bxd3 11. Qxd3 Nce8 12. Ng5 h6 13. Nf3 Qd7 14. Ne5 Qd8 15. O-O
Bd6 16. Ne1 Qc7 17. N1f3 Nd7 18. Rfe1 f6 19. Nxd7 Qxd7 20. Bxd6 Qxd6 21. e4 Rd8 22.
e5 Qe7 23. exf6 gxf6 24. Qg6+ Qg7 25. Nh4 Qxg6 26. Nxg6 Rf7 27. Nf4 Ng7 28. Nxe6
Nxe6 29. Rxe6 a6 30. Rae1 Kf8 31. R1e3 h5 32. Rf3 Kg7 33. Rg3+ Kf8 34. Rh3 Re8 35.
Rxe8+ Kxe8 36. Rxh5 Re7 37. Rh8+ Kd7 38. h4 Ke6 39. g4 Kf7 40. Rh7+ Kf8 41. Rxe7
Kxe7 42. h5 Kf7 43. f4 Kg7 44. g5 fxg5 45. fxg5 b5 46. b4 Kh7 47. g6+ Kh6 48. Kg2
a5 49. bxa5 b4 50. cxb4 Kxh5 51. g7 Kg4 52. g8=Q+ Kf4 53. Qe6 c5 54. bxc5 Kg5 55.
Qf7 Kg4 56. Kf2 Kg5 57. Ke3 Kg4 58. Qf4+ Kh5 59. Qg3 Kh6 60. Kf4 Kh7 61. Kf5 Kh8
62. Kf6 Kh7 63. Qg7+  1-0

[Event "British Chess Championships 2023: U8 Championship"]
[Site "The Venue, De Montfort University, 20 Western Boulevard, Leicester, LE2 7BU"]
[Date "2023.07.26"]
[Round "2"]
[Board "12"]
[White "Dairi, Daniella"]
[Black "Qin, Oscar"]
[Result "0-1"]
[WhiteElo "964"]
[BlackElo "791"]
[PlyCount "0"]
[EventDate "2023.07.25"]
[EventRounds "7"]
[EventCountry "ENG"]

1. e4 e5 2. Nf3 Nc6 3. Bc4 Nd4 4. Nxd4 exd4 5. d3 Bc5 6. Qh5 Qe7 7. Bg5 Nf6 8. Bxf6
gxf6 9. O-O Bb6 10. Na3 d6 11. Rae1 Bd7 12. Nb1 O-O-O 13. Bxf7 Be6 14. Bxe6+ Qxe6
15. c3 Qxa2 16. Qh3+ Kb8 17. Qh6 dxc3 18. bxc3 Rdf8 19. d4 c5 20. e5 fxe5 21. Qxd6+
Ka8 22. dxe5 c4 23. e6 Re8 24. e7 Qb2 25. Re3 Bxe3 26. Rd1 a6 27. fxe3 Rhg8 28. g3
h5 29. e4 h4 30. e5 hxg3 31. hxg3 Rxg3+ 32. Kf1 Rf3+ 33. Kg1 Qf2+ 34. Kh1 Rh3#  0-1

[Event "British Chess Championships 2023: U8 Championship"]
[Site "The Venue, De Montfort University, 20 Western Boulevard, Leicester, LE2 7BU"]
[Date "2023.07.26"]
[Round "2"]
[Board "13"]
[White "Cawdery, Mary"]
[Black "Tang, Sara"]
[Result "1-0"]
[WhiteElo "891"]
[BlackElo "734"]
[PlyCount "0"]
[EventDate "2023.07.25"]
[EventRounds "7"]
[EventCountry "ENG"]

1. e4 e5 2. Nf3 Nc6 3. Bc4 Nf6 4. Ng5 Bc5 5. Nxf7 Bxf2+ 6. Kxf2 Qe7 7. Nxh8 Qf8 8.
Ke1 Nxe4 9. Rf1 Qxh8 10. d3 Na5 11. Bf7+ Kf8 12. dxe4  1-0

[Event "British Chess Championships 2023: U8 Championship"]
[Site "The Venue, De Montfort University, 20 Western Boulevard, Leicester, LE2 7BU"]
[Date "2023.07.26"]
[Round "3"]
[Board "1"]
[White "Pradhan, Ayan"]
[Black "Smirnov, Artem"]
[Result "1-0"]
[WhiteElo "1692"]
[BlackElo "1054"]
[PlyCount "0"]
[EventDate "2023.07.25"]
[EventRounds "7"]
[EventCountry "ENG"]

1. e4 c5 2. Nc3 Nc6 3. Bb5 Nd4 4. Bc4 g6 5. Nf3 Bg7 6. d3 Nf6 7. O-O O-O 8. h3 d6
9. Be3 Nc6 10. Qd2 a6 11. a4 b6 12. Bh6 Bb7 13. Bxg7 Kxg7 14. Ne2 Qd7 15. Ng3 d5
16. exd5 Nxd5 17. Qg5 Nc7 18. Rfe1 Ne6 19. Bxe6 fxe6 20. Qg4 Nd8 21. Ng5 Bd5 22.
Nh5+ gxh5 23. Nxe6+ Kh8 24. Qg7#  1-0

[Event "British Chess Championships 2023: U8 Championship"]
[Site "The Venue, De Montfort University, 20 Western Boulevard, Leicester, LE2 7BU"]
[Date "2023.07.26"]
[Round "3"]
[Board "2"]
[White "Saxena, Advik"]
[Black "Mulukutla, Ayaansh"]
[Result "0-1"]
[WhiteElo "972"]
[BlackElo "1522"]
[PlyCount "0"]
[EventDate "2023.07.25"]
[EventRounds "7"]
[EventCountry "ENG"]

1. e4 c5 2. d4 e6 3. Nf3 cxd4 4. Nxd4 Nf6 5. Bd3 Nc6 6. Be3 b6 7. Nc3 Bb7 8. Qf3
Ne5 9. Qg3 Nxd3+ 10. cxd3 Qb8 11. Qxb8+ Rxb8 12. Bf4 d6 13. e5 dxe5 14. Bxe5 Rd8
15. O-O Ng4 16. Bg3 Rxd4 17. Nb5 Rb4 18. Nxa7 Bc5 19. b3 b5 20. Nc8 Bxc8 21. Rac1
Bxf2+ 22. Rxf2 Bd7 23. Rfc2 Ke7 24. h3 Nf6 25. Bf2 Rf4 26. Bc5+ Ke8 27. Bb6 Rg8 28.
Be3 Rf5 29. g4 Rd5 30. g5 Rxd3 31. gxf6 gxf6+ 32. Kf2 f5 33. Bb6 Ke7 34. Rc5 Rd2+
35. Ke1 Rxa2 36. Rc7 Rd8 37. Bf2 Raa8 38. R1c5 Rac8 39. Bh4+ f6 40. Bxf6+ Kxf6 41.
Rxd7 Rxc5 42. Rxd8 Rc3 43. b4 Rc4 44. Rf8+ Ke5 45. Rh8 Rh4 46. Rb8 Rxb4 47. Kd2 Kd6
48. Rb6+ Ke5 49. Kc3 Rc4+ 50. Kd3 Rd4+ 51. Kc3 b4+ 52. Rxb4 Rxb4 53. Kxb4 Kd4 54.
Kb5 f4  0-1

[Event "British Chess Championships 2023: U8 Championship"]
[Site "The Venue, De Montfort University, 20 Western Boulevard, Leicester, LE2 7BU"]
[Date "2023.07.26"]
[Round "3"]
[Board "3"]
[White "Kapitanski, Furion"]
[Black "Sobolevski, Damien"]
[Result "1/2-1/2"]
[WhiteElo "1107"]
[BlackElo "1013"]
[PlyCount "0"]
[EventDate "2023.07.25"]
[EventRounds "7"]
[EventCountry "ENG"]

1. e4 d6 2. d4 Nf6 3. Nc3 g6 4. Nf3 Bg7 5. Bc4 O-O 6. O-O Nxe4 7. Bxf7+ Rxf7 8. Nxe4
Bg4 9. Neg5 Rf5 10. h3 Bxf3 11. Nxf3 Nd7 12. Re1 e5 13. dxe5 Nxe5 14. Qd5+ Nf7 15.
Qb3 b6 16. h4 Kh8 17. Bd2 Ne5 18. Nxe5 dxe5 19. Bg5 Qd4 20. Qe3 Qxb2 21. Qe4 Raf8
22. Be3 R8f6 23. Red1 Rd6 24. Rdb1 Qc3 25. Rd1 Bf6 26. Qa8+ Kg7 27. Qb7 e4 28. Rxd6
Qxa1+ 29. Kh2 Qe5+ 30. g3 Qxd6 31. Bf4 Qc5 32. Kh3 Qxc2 33. Bxc7 Qc4 34. Bf4+ Qf7
35. Bh6+ Kxh6 36. Qxf7 Bg7 37. Qxa7 Rxf2 38. Qxb6 Rf3 39. Qc5 Bb2 40. Qc2 Be5 41.
Qc1+ Kg7 42. Qg1 e3 43. Qe1 e2 44. h5 gxh5 45. Qa5 Bxg3 46. Qg5+ Kf8 47. Qh6+ Ke7
48. Qxh7+ Kd6 49. Qg6+ Kc5 50. Qxh5+ Kb4 51. Qxf3 e1=Q 52. Qxg3 Qxg3+ 53. Kxg3 Ka3
54. Kf3 Kxa2  1/2-1/2

[Event "British Chess Championships 2023: U8 Championship"]
[Site "The Venue, De Montfort University, 20 Western Boulevard, Leicester, LE2 7BU"]
[Date "2023.07.26"]
[Round "3"]
[Board "4"]
[White "Gunarathne, Miheli"]
[Black "Sandhu, Ronak"]
[Result "1-0"]
[WhiteElo "982"]
[BlackElo "994"]
[PlyCount "0"]
[EventDate "2023.07.25"]
[EventRounds "7"]
[EventCountry "ENG"]

1. e4 d6 2. d4 Nf6 3. Nc3 g6 4. Nf3 Bg7 5. Bc4 c6 6. O-O b5 7. Bb3 O-O 8. e5 Nfd7
9. e6 fxe6 10. Bxe6+ Kh8 11. Ng5 Qe8 12. Qg4 Nf6 13. Nf7+ Kg8 14. Nh6+ Kh8 15. Nf7+
Kg8 16. Nxd6+ Kh8 17. Nxe8 Nxg4 18. Bxc8  1-0

[Event "British Chess Championships 2023: U8 Championship"]
[Site "The Venue, De Montfort University, 20 Western Boulevard, Leicester, LE2 7BU"]
[Date "2023.07.26"]
[Round "3"]
[Board "5"]
[White "Cawdery, Mary"]
[Black "Konara, Nuvee"]
[Result "0-1"]
[WhiteElo "891"]
[BlackElo "1272"]
[PlyCount "0"]
[EventDate "2023.07.25"]
[EventRounds "7"]
[EventCountry "ENG"]

1. e4 e5 2. Nf3 Nc6 3. Bc4 Bc5 4. b4 Bxb4 5. c3 Bc5 6. d4 exd4 7. O-O dxc3 8. Bxf7+
Kxf7 9. Qd5+ Kf8 10. Qxc5+ d6 11. Qxc3 Qf6 12. Bg5 Qxc3 13. Nxc3 h6 14. Bf4 Nf6 15.
Rfe1 Nb4 16. Rab1 Nd3 17. Re3 Nxf4 18. h3 Kf7 19. Nb5 Ne6 20. Rc1 Ne8 21. g4 a6 22.
Nc3 Nc5 23. Nd5 Be6 24. a3 Bxd5 25. exd5 Nf6 26. Rd1 Rhe8 27. Rc3 a5 28. Kg2 Nfe4
29. Re3 Nf6 30. Rc3 Re2 31. Nd4 Rb2 32. Nf5 Nfe4 33. Rf3 b5 34. Nxd6+ Kg8 35. Nf5
Kh7 36. h4 b4 37. d6 cxd6 38. Nxd6 bxa3 39. Rxa3 a4 40. Nb5 Rxb5 41. f4 Rb3 42. Raa1
a3 43. Kf1 Rb2 44. Ke1 a2 45. f5 Nb3 46. Rxa2 Rbxa2 47. h5 Rg2 48. Rd3 Nbc5 49. Rd1
Rxg4 50. Kf1 Rg5 51. f6 Nxf6 52. Ke2 Rxh5 53. Ke3 Rh2 54. Rc1 Nfd7 55. Kf4 h5  0-1

[Event "British Chess Championships 2023: U8 Championship"]
[Site "The Venue, De Montfort University, 20 Western Boulevard, Leicester, LE2 7BU"]
[Date "2023.07.26"]
[Round "3"]
[Board "6"]
[White "Kilambi, Aahna"]
[Black "Li, Emmanuelle"]
[Result "1-0"]
[WhiteElo "1176"]
[BlackElo "854"]
[PlyCount "0"]
[EventDate "2023.07.25"]
[EventRounds "7"]
[EventCountry "ENG"]

1. c4 c5 2. Nc3 Nf6 3. g3 g6 4. Bg2 Bg7 5. e3 O-O 6. Nge2 d5 7. cxd5 e5 8. dxe6 Bxe6
9. O-O Nc6 10. d4 Qe7 11. d5 Bxd5 12. Nxd5 Nxd5 13. Bxd5 Rad8 14. Qb3 Nb4 15. Bg2
a6 16. a3 Nd3 17. Rd1 Ne5 18. Bd2 Nd3 19. Bc3 Ne5 20. Nf4 c4 21. Qc2 g5 22. Nh5 f6
23. Bb4 Qf7 24. Nxg7 Qxg7 25. Bxf8 Qxf8 26. Rxd8 Qxd8 27. Rd1 Qa5 28. b4 Qxa3 29.
f4 Ng4 30. Qxc4+ Kg7 31. Rd7+ Kh6 32. fxg5+ Kxg5 33. h4+ Kh5 34. Rd5+ Kh6 35. Qf4+
Kg7 36. Qxg4+ Kf7 37. Rd7+ Ke8 38. Qe6+ Kf8 39. Qf7#  1-0

[Event "British Chess Championships 2023: U8 Championship"]
[Site "The Venue, De Montfort University, 20 Western Boulevard, Leicester, LE2 7BU"]
[Date "2023.07.26"]
[Round "3"]
[Board "7"]
[White "Makarabbi, Anvay"]
[Black "Mohamed Nasrudeen Meeran, Muiz Ul Meeran"]
[Result "0-1"]
[WhiteElo "874"]
[BlackElo "1112"]
[PlyCount "0"]
[EventDate "2023.07.25"]
[EventRounds "7"]
[EventCountry "ENG"]

1. d4 Nf6 2. Nc3 g6 3. e4 d6 4. Bf4 Bg7 5. Qd2 O-O 6. O-O-O a6 7. h4 b5 8. Be2 b4
9. Na4 Nxe4 10. Qe3 Nf6 11. h5 Bd7 12. b3 Bxa4 13. bxa4 Nd5 14. Qf3 c6 15. hxg6 fxg6
16. g3 e5 17. dxe5 dxe5 18. Bc4 exf4 19. gxf4 Qf6 20. Bxd5+ cxd5 21. Qxd5+ Kh8 22.
Qb3 Qa1+ 23. Qb1 Qxb1+ 24. Kxb1 Rxf4 25. Rh2 Nc6 26. Ne2 Re4 27. Ng3 Rd4 28. Re1
Rad8 29. Kb2 Rd1+ 30. Kb3 Rxe1 31. f3 Re3+ 32. Kc4 Rc3#  0-1

[Event "British Chess Championships 2023: U8 Championship"]
[Site "The Venue, De Montfort University, 20 Western Boulevard, Leicester, LE2 7BU"]
[Date "2023.07.26"]
[Round "3"]
[Board "8"]
[White "Mun, Jasper"]
[Black "Prabhakaran, Anvikkashri"]
[Result "0-1"]
[WhiteElo "736"]
[BlackElo "1011"]
[PlyCount "0"]
[EventDate "2023.07.25"]
[EventRounds "7"]
[EventCountry "ENG"]

1. e4 e5 2. Nf3 Nc6 3. Nc3 Nf6 4. d3 Bc5 5. Nxe5 Nxe5 6. d4 Bb4 7. dxe5 Nxe4 8. a3
Nxc3 9. bxc3 Bxc3+ 10. Bd2 Bxa1 11. Qxa1 O-O 12. c4 Re8 13. Bc3 d6 14. f4 dxe5 15.
fxe5 Qh4+ 16. g3 Qe4+ 17. Kd2 Qxh1 18. Bd4 Rd8 19. Ke3 Bg4 20. Kd2 c5 21. Ke3 Rxd4
22. Kf2 Qxh2+ 23. Ke3 Qd2#  0-1

[Event "British Chess Championships 2023: U8 Championship"]
[Site "The Venue, De Montfort University, 20 Western Boulevard, Leicester, LE2 7BU"]
[Date "2023.07.26"]
[Round "3"]
[Board "9"]
[White "Ewart, Thomas"]
[Black "Feng, Hao-Hsuan"]
[Result "1-0"]
[WhiteElo "1002"]
[BlackElo "824"]
[PlyCount "0"]
[EventDate "2023.07.25"]
[EventRounds "7"]
[EventCountry "ENG"]

1. d4 d5 2. Nf3 b5 3. Bf4 Nf6 4. e3 a6 5. c3 Bf5 6. Bd3 Bxd3 7. Qxd3 c5 8. dxc5 g5
9. Bxg5 e5 10. Nxe5 Qe7 11. Bxf6 Qxf6 12. Qxd5 Ra7 13. O-O Re7 14. Ng4 Qg5 15. Qxg5
h6 16. Rd1 hxg5 17. Nf6#  1-0

[Event "British Chess Championships 2023: U8 Championship"]
[Site "The Venue, De Montfort University, 20 Western Boulevard, Leicester, LE2 7BU"]
[Date "2023.07.26"]
[Round "3"]
[Board "10"]
[White "Qin, Oscar"]
[Black "Gomez, Magnus"]
[Result "0-1"]
[WhiteElo "791"]
[BlackElo "990"]
[PlyCount "0"]
[EventDate "2023.07.25"]
[EventRounds "7"]
[EventCountry "ENG"]

1. e4 c6 2. Nc3 d5 3. exd5 cxd5 4. Nf3 Bf5 5. d4 Nc6 6. Nxd5 Qxd5 7. Be3 Nf6 8. Bd3
Bxd3 9. Qxd3 e6 10. O-O Nb4 11. Qd2 Be7 12. a3 Nc6 13. Rac1 O-O 14. c4 Qd6 15. Bf4
Qd7 16. Rfe1 Bd6 17. Bxd6 Qxd6 18. Rcd1 Rad8 19. b4 a6 20. c5 Qd5 21. Ne5 Nd7 22.
Nxc6 bxc6 23. Re3 Nf6 24. Re5 Qd7 25. Qg5 Qe7 26. Rd3 g6 27. Rf3 Kg7 28. Qh4 Rd5
29. Rxd5 exd5 30. g4 h6 31. Rh3 Rh8 32. g5 Ng8 33. gxh6+ Rxh6 34. Qxe7 Nxe7 35. Rxh6
Kxh6 36. Kf1 Nf5 37. Ke2 Nxd4+ 38. Kd3 Nb5 39. a4 Na3 40. Kc3 Nc4 41. b5 axb5 42.
axb5 cxb5 43. c6 Nd6 44. Kd4 Nf5+ 45. Kc5 Ne7 46. c7 Kg7 47. Kd6 Kf6 48. f4 d4 49.
f5 d3 50. fxg6 fxg6  0-1

[Event "British Chess Championships 2023: U8 Championship"]
[Site "The Venue, De Montfort University, 20 Western Boulevard, Leicester, LE2 7BU"]
[Date "2023.07.26"]
[Round "3"]
[Board "11"]
[White "Gedge, Joshua"]
[Black "Kamara, Alim"]
[Result "1-0"]
[WhiteElo "1309"]
[BlackElo "1057"]
[PlyCount "0"]
[EventDate "2023.07.25"]
[EventRounds "7"]
[EventCountry "ENG"]

1. e4 e5 2. Nf3 Nc6 3. Bc4 Nh6 4. O-O Qe7 5. d4 g6 6. Bg5 f6 7. Bxh6 Bxh6 8. Nc3
f5 9. exf5 gxf5 10. Nxe5 Nxe5 11. dxe5 Qxe5 12. Re1 Be3 13. Rxe3 d6 14. Qh5+ Ke7
15. Rxe5+ dxe5 16. Qf7+ Kd6 17. Rd1+ Kc5 18. Qd5+ Kb6 19. Qb5#  1-0

[Event "British Chess Championships 2023: U8 Championship"]
[Site "The Venue, De Montfort University, 20 Western Boulevard, Leicester, LE2 7BU"]
[Date "2023.07.26"]
[Round "3"]
[Board "12"]
[White "Zheng, Lucas"]
[Black "Lath, Shlok"]
[Result "1-0"]
[WhiteElo "1085"]
[BlackElo "842"]
[PlyCount "0"]
[EventDate "2023.07.25"]
[EventRounds "7"]
[EventCountry "ENG"]

1. e4 e5 2. Bc4 Nc6 3. Nf3 Bc5 4. d3 h6 5. Nc3 Nf6 6. Be3 Bxe3 7. fxe3 O-O 8. O-O
d6 9. Qe2 Bd7 10. d4 exd4 11. exd4 Ne7 12. Rfe1 Nc6 13. Rad1 Be6 14. d5 Qe7 15. dxe6
fxe6 16. e5 Ne8 17. exd6 Nxd6 18. Bxe6+ Kh8 19. Nd4 Nxd4 20. Rxd4 Nf5 21. Rd7 Qc5+
22. Kh1 g5 23. Na4 Qc6 24. Qe5+ Rf6 25. Qxf6+ Ng7 26. Qxg7#  1-0

[Event "British Chess Championships 2023: U8 Championship"]
[Site "The Venue, De Montfort University, 20 Western Boulevard, Leicester, LE2 7BU"]
[Date "2023.07.26"]
[Round "3"]
[Board "13"]
[White "Tang, Sara"]
[Black "Dairi, Daniella"]
[Result "0-1"]
[WhiteElo "734"]
[BlackElo "964"]
[PlyCount "0"]
[EventDate "2023.07.25"]
[EventRounds "7"]
[EventCountry "ENG"]

1. e4 e5 2. Nf3 Nc6 3. Nc3 d6 4. Bc4 f6 5. O-O Bg4 6. h3 Bxf3 7. Qxf3 Nd4 8. Qh5+
g6 9. Qd1 f5 10. exf5 Nxf5 11. Re1 Qh4 12. Re2 Qxc4 13. Qe1 Bg7 14. g4 Nd4 15. Re4
Nf6 16. Re3 Nxc2 17. d3 Nxe1 18. dxc4 Nc2 19. Rb1 Nxe3 20. fxe3 e4 21. Nb5 O-O-O
22. Bd2 c6 23. Na3 Bh6 24. Kf2 Rhf8 25. Ba5 b6 26. Bc3 c5 27. Bxf6 Rxf6+ 28. Ke2
Rdf8 29. Kd1 Rf1+ 30. Kc2 R8f2+ 31. Kb3 Rxb1 32. Nxb1 Bxe3 33. a3 Bf4 34. Kc3 e3
35. Kb3 e2 36. Nc3 e1=Q 37. Ka4 Be5 38. Nb5 Bxb2 39. Nxd6+ Kc7 40. Ne8+ Qxe8+ 41.
Kb3 Qe3+ 42. Ka2 Bxa3+ 43. Ka1 Qe1#  0-1

[Event "British Chess Championships 2023: U8 Championship"]
[Site "The Venue, De Montfort University, 20 Western Boulevard, Leicester, LE2 7BU"]
[Date "2023.07.27"]
[Round "4"]
[Board "1"]
[White "Mulukutla, Ayaansh"]
[Black "Pradhan, Ayan"]
[Result "0-1"]
[WhiteElo "1522"]
[BlackElo "1692"]
[PlyCount "0"]
[EventDate "2023.07.25"]
[EventRounds "7"]
[EventCountry "ENG"]

1. e4 e6 2. d4 d5 3. e5 c5 4. c3 Nc6 5. Nf3 Bd7 6. Bd3 cxd4 7. cxd4 Qb6 8. Bc2 Nb4
9. O-O Nxc2 10. Qxc2 Rc8 11. Nc3 Ne7 12. Be3 Nf5 13. Rac1 Be7 14. a3 a6 15. b4 a5
16. Rb1 Qc6 17. Rfc1 axb4 18. axb4 Qb6 19. Qb2 O-O 20. b5 Rc4 21. Qc2 Rfc8 22. Na4
Qc7 23. Qe2 Nxe3 24. Rxc4 Qxc4 25. Qxc4 Nxc4 26. Rc1 Bxb5 27. Nc3 Bd7 28. Ne2 b5
29. Ne1 b4 30. Nd3 b3 31. Rb1 Rb8 32. Nec1 Nd2 33. Rb2 Ba3 34. Rxd2 Bxc1 35. Nxc1
b2 36. Rxb2 Rxb2 37. h3 Rb1 38. Kh2 Rxc1 39. Kg3 Rd1 40. Kf3 Rxd4 41. Ke3 Re4+ 42.
Kf3 Bc6 43. Kg3 d4 44. f3 d3 45. fxe4 d2 46. Kf3 d1=Q+ 47. Kf4 Qf1+ 48. Ke3 Qxg2
49. Kd3 Bxe4+ 50. Kc4 Qe2+ 51. Kc5 Bd5 52. Kd6 Kf8 53. Kd7 Qa6 54. Kd8 Bb7 55. h4
Bc6 56. Kc7 Qa4 57. Kd8 Qa7 58. Kc8 Qb7+ 59. Kd8 Qd7#  0-1

[Event "British Chess Championships 2023: U8 Championship"]
[Site "The Venue, De Montfort University, 20 Western Boulevard, Leicester, LE2 7BU"]
[Date "2023.07.27"]
[Round "4"]
[Board "2"]
[White "Sobolevski, Damien"]
[Black "Gunarathne, Miheli"]
[Result "1-0"]
[WhiteElo "1013"]
[BlackElo "982"]
[PlyCount "0"]
[EventDate "2023.07.25"]
[EventRounds "7"]
[EventCountry "ENG"]

1. d4 e6 2. Nf3 Nf6 3. Bf4 Nc6 4. e3 a6 5. Bd3 d5 6. c3 Bd6 7. Bg3 Bxg3 8. hxg3 Qe7
9. Nbd2 e5 10. dxe5 Nxe5 11. Nxe5 Qxe5 12. Qc2 g6 13. Nb3 Bf5 14. Bxf5 Qxf5 15. Qxf5
gxf5 16. Nd4 O-O-O 17. O-O-O Ne4 18. Rhf1 f4 19. gxf4 Rhg8 20. g3 c5 21. Nf5 Rd7
22. Rxd5 Rxd5 23. Ne7+ Kd8 24. Nxd5 Rg6 25. Kc2 Rd6 26. c4 b5 27. b3 a5 28. a4 bxa4
29. bxa4 Nf6 30. Rd1 Ne4 31. Rf1 Nf6 32. Nxf6 Rxf6 33. Rd1+ Kc7 34. Kd3 Rd6+ 35.
Ke2 Rxd1 36. Kxd1 Kd6 37. f3 Ke6 38. Kd2 Kf5 39. Kd3 h5 40. e4+ Kf6 41. e5+ Kf5 42.
Ke3 f6 43. Ke4+  1-0

[Event "British Chess Championships 2023: U8 Championship"]
[Site "The Venue, De Montfort University, 20 Western Boulevard, Leicester, LE2 7BU"]
[Date "2023.07.27"]
[Round "4"]
[Board "3"]
[White "Smirnov, Artem"]
[Black "Kapitanski, Furion"]
[Result "0-1"]
[WhiteElo "1054"]
[BlackElo "1107"]
[PlyCount "0"]
[EventDate "2023.07.25"]
[EventRounds "7"]
[EventCountry "ENG"]

1. d4 d5 2. c4 Nc6 3. cxd5 Qxd5 4. Nf3 e5 5. Nc3 Bb4 6. a3 Bxc3+ 7. bxc3 Bg4 8. Nxe5
Nxe5 9. dxe5 Qxe5 10. Bb2 Ne7 11. Qa4+ Bd7 12. Qb4 Qd5 13. Rd1 Qc6 14. Qd4 Nf5 15.
Qe5+ Qe6 16. Qxc7 Qc6 17. Qxc6 Bxc6 18. e3 O-O 19. Bd3 Bxg2 20. Rg1 Bh3 21. Rg5 Nd6
22. Rh5 Bg4 23. Bxh7+ Kh8 24. Bf5+ Bxh5 25. Rxd6 Rad8 26. Rxd8 Rxd8 27. Kf1 Bf3 28.
Bc2 Rd2 29. Ba4 b5 30. Bb3 Rxb2 31. Ke1 Rxb3 32. Kd2 Be4 33. Ke1 Rb2 34. Kd1 Rc2
35. h4 a5 36. h5 g5 37. hxg6 fxg6 38. Ke1 Bf3 39. e4 Kg7 40. e5 Kf7 41. e6+ Kxe6
42. c4 bxc4 43. a4 g5 44. Kf1 Rc1#  0-1

[Event "British Chess Championships 2023: U8 Championship"]
[Site "The Venue, De Montfort University, 20 Western Boulevard, Leicester, LE2 7BU"]
[Date "2023.07.27"]
[Round "4"]
[Board "4"]
[White "Konara, Nuvee"]
[Black "Ewart, Thomas"]
[Result "1-0"]
[WhiteElo "1272"]
[BlackElo "1002"]
[PlyCount "0"]
[EventDate "2023.07.25"]
[EventRounds "7"]
[EventCountry "ENG"]

1. e4 e5 2. Bc4 Nf6 3. Nf3 Nxe4 4. Nc3 Nxc3 5. dxc3 Be7 6. Nxe5 O-O 7. Qh5 d5 8.
Bd3 g6 9. Qd1 Re8 10. O-O c5 11. Bb5 Bd7 12. Nxd7 Nxd7 13. Qxd5 Nf6 14. Qf3 Rf8 15.
Bh6 Qb6 16. Bxf8 Rxf8 17. Bd3 Qxb2 18. a4 Rc8 19. Qe2 Rc7 20. Qd2 c4 21. Rfb1 Qxa1
22. Rxa1 cxd3 23. cxd3 Nd5 24. c4 Bb4 25. Qb2 Bc3 26. Qb1 Bxa1 27. Qxa1 Nb6 28. Qf6
Rd7 29. a5 Nxc4 30. Qc3 Nd6 31. Qc5 Re7 32. h3 Nf5 33. d4 Kg7 34. Qxa7 Re1+ 35. Kh2
Re7 36. d5 Kg8 37. Qb8+ Kg7 38. g4 Nd4 39. d6 Re6 40. d7 Nc6 41. Qxb7 Nxa5 42. Qb2+
 1-0

[Event "British Chess Championships 2023: U8 Championship"]
[Site "The Venue, De Montfort University, 20 Western Boulevard, Leicester, LE2 7BU"]
[Date "2023.07.27"]
[Round "4"]
[Board "5"]
[White "Gomez, Magnus"]
[Black "Kilambi, Aahna"]
[Result "1-0"]
[WhiteElo "990"]
[BlackElo "1176"]
[PlyCount "0"]
[EventDate "2023.07.25"]
[EventRounds "7"]
[EventCountry "ENG"]

1. d4 e6 2. e4 d5 3. e5 c5 4. c3 Bd7 5. Nf3 Nc6 6. Bd3 c4 7. Bc2 Nge7 8. Bg5 h6 9.
Bh4 Qc7 10. Nbd2 Nf5 11. Bxf5 exf5 12. Qe2 Be7 13. Bxe7 Nxe7 14. Qe3 O-O 15. O-O
Ng6 16. Rfe1 Rfe8 17. b4 cxb3 18. axb3 f4 19. Qd3 Qc8 20. Kf1 Bf5 21. Qe2 Qxc3 22.
Rec1 Qb4 23. Ra4 Qe7 24. Ra5 Rac8 25. Rac5 Rxc5 26. Rxc5 b6 27. Rxd5 Rc8 28. g3 Bh3+
29. Kg1 Qe6 30. Rd6 Rc1+ 31. Ne1 Qc8 32. Nc4 f3 33. Qd2 Nf4 34. Ne3 Qc2 35. Rd8+
Kh7 36. Qxc2+ Rxc2 37. N1xc2 Ne2+ 38. Kh1 f5 39. Ne1 f4 40. gxf4 Be6 41. d5 Bh3 42.
e6 Nxf4 43. e7 Ng6 44. e8=Q Nf8 45. Qxf8 Bd7 46. Rxd7 Kg6 47. Rxg7+ Kh5 48. Qf5+
Kh4 49. Qg4#  1-0

[Event "British Chess Championships 2023: U8 Championship"]
[Site "The Venue, De Montfort University, 20 Western Boulevard, Leicester, LE2 7BU"]
[Date "2023.07.27"]
[Round "4"]
[Board "6"]
[White "Sandhu, Ronak"]
[Black "Mohamed Nasrudeen Meeran, Muiz Ul Meeran"]
[Result "0-1"]
[WhiteElo "994"]
[BlackElo "1112"]
[PlyCount "0"]
[EventDate "2023.07.25"]
[EventRounds "7"]
[EventCountry "ENG"]

1. d4 Nf6 2. Bf4 g6 3. Nc3 Bg7 4. Nf3 O-O 5. e4 d6 6. Qd2 Nbd7 7. Bh6 Nb6 8. Bxg7
Kxg7 9. Bd3 Re8 10. O-O e5 11. dxe5 dxe5 12. Qg5 Nfd7 13. Nd5 Nxd5 14. exd5 f5 15.
h4 e4 16. h5 exf3 17. Qxd8 Rxd8 18. gxf3 Nb6 19. hxg6 hxg6 20. c4 Bd7 21. a4 Bxa4
22. c5 Rxd5 23. cxb6 Rxd3 24. Rxa4 cxb6 25. Kg2 a6 26. b4 b5 27. Ra2 Rc8 28. Rb1
Rcc3 29. Re1 Rd7 30. Rb1 Kf6 31. Re2 Re7 32. Rxe7 Kxe7 33. Re1+ Kf7 34. Rb1 Rd3 35.
Rc1 Rd7 36. Rc5 Kf6 37. f4 Kg7 38. Rc3 Rd4 39. Rc7+ Kh6 40. Rxb7 Rxf4 41. Ra7 Rxb4
42. Rxa6 Kg5 43. Ra3 f4 44. Kf3 Rb2 45. Ra5 Rb3+ 46. Kg2 Kg4 47. Ra2 g5 48. Ra1 b4
49. Kh2 Kf3 50. Kg1 Rb2 51. Rf1 b3 52. Rc1 Ke2 53. Kg2 g4 54. Kg1 Rc2 55. Rb1 b2
56. Kg2 Kd2  0-1

[Event "British Chess Championships 2023: U8 Championship"]
[Site "The Venue, De Montfort University, 20 Western Boulevard, Leicester, LE2 7BU"]
[Date "2023.07.27"]
[Round "4"]
[Board "7"]
[White "Prabhakaran, Anvikkashri"]
[Black "Saxena, Advik"]
[Result "1-0"]
[WhiteElo "1011"]
[BlackElo "972"]
[PlyCount "0"]
[EventDate "2023.07.25"]
[EventRounds "7"]
[EventCountry "ENG"]

1. e4 c5 2. Nf3 d6 3. d4 cxd4 4. Nxd4 Nf6 5. Nc3 a6 6. Bc4 e6 7. Bb3 Nc6 8. Nxc6
bxc6 9. Be3 d5 10. e5 Nd7 11. f4 f6 12. exf6 Nxf6 13. h3 Bb4 14. Bd2 Bb7 15. Qe2
O-O 16. Qxe6+ Kh8 17. O-O-O Bxc3 18. Bxc3 Ne4 19. Bd4 Rxf4 20. Qe5 Rf6 21. Rhf1 c5
22. Be3 d4 23. Rg1 Qa5 24. Bxd4 Qb6 25. Be3 Nf2 26. Bxf2 Rxf2 27. Rge1 Raf8 28. Rd7
Qh6+ 29. Kb1 Bxg2 30. Qe7 Bxh3 31. Rd8 g6 32. Qe5+ Qg7 33. Qb8 h5 34. Rxf8+ Rxf8
35. Re8 Rxe8 36. Qxe8+ Kh7 37. a3 h4 38. Qe3 Qd7 39. c3 Qf5+ 40. Ka2 Bf1 41. Qe7+
Kh6 42. Qxh4+ Qh5 43. Qf4+ g5 44. Qxf1 g4 45. Qxa6+ Kg5 46. Qd6 Kh4 47. Qh2+ Kg5
48. Qxh5+ Kxh5 49. Bd5 Kg5 50. b4 cxb4 51. cxb4 Kf6 52. a4 Ke7 53. Kb3 Kd7 54. Kc4
Kc8 55. Kc5 Kc7 56. a5 Kb8 57. Kb6 Kc8 58. a6 Kb8 59. a7+ Kc8 60. a8=Q+ Kd7 61. Qc6+
Ke7 62. Kc7 Kf8 63. Qf6+ Ke8 64. Qf7+  1-0